000 01162nam a2200289Ia 4500
003 OSt
005 20210727121027.0
008 130821s2008 ck a gr spa
020 _a9789586485623
040 _aCo-BoUCM
_bspa
_cCO-JMCR
041 0 0 _aspa
082 0 4 _a332.09861 /
_bB139s
_223
100 1 _aBaena Toro, Diego,
_eautor
_911346
245 1 0 _aSistema financiero Colombiano /
_cDiego Baena Toro, Hernán Hoyos Walteros, Jorge H. Ramírez Osorio
260 _aBogotá (Colombia) :
_bEco Ediciones
_c2008
300 _ax, 271 pg̀inas
_bcuadros, grf̀icos, tablas
490 0 _aColeccin̤ Ciencias Administrativas.
504 _aIncluye bibliografía e índice general.
505 0 _aEl dinero. -- Conceptos básicos sistema financiero colombiano. -- Banca multilateral. -- Normatividad. -- Conceptos financieros básicos. Brasilea.
650 1 4 _aFinanzas internacionales
_zColombia
_915897
650 2 4 _aFinanzas
_97628
650 2 4 _aFinanzas
_zColombia
_97628
650 2 4 _aSistema financiero
_zColombia
_98107
700 1 _aHoyos Walteros, Hernán,
_eautor
_938773
700 1 _aRamírez Osorio, Jorge H.,
_eautor
_938774
942 _cBK
_2ddc
999 _c12013
_d12013